000 00741nam a22002177a 4500
005 2008102008008.0
008 081020t xxu||||| |||| 00| 0 eng d
010 _aENG-84122
020 _a8183240531
020 _c395.00 (hb)
035 _aEN-67655
082 _a338.954511
100 _aShukla, S P
245 _aStrategy for integrated development of Arunachal Pradesh /
_cby S P Shukla
260 _aNew Delhi
_bMittal Publications
260 _c2006
300 _aviii,170p
_c22cm
500 _aIncludes index
942 _2ddc
_cEN
_h338.954511
_mSHU
999 _c17088
_d17088